Retórica literaria romanesca

Furkejuvvon:
Bibliográfalaš dieđut
Váldodahkki: Sasu, Aurel
Materiálatiipa: Girji
Giella:Undetermined
Almmustuhtton: Bucarest, Rumania Minerva 1976
Fáttát:
Fáddágilkorat: Lasit fáddágilkoriid
Eai fáddágilkorat, Lasit vuosttaš fáddágilkora!

MARC

LEADER 00000nam a2200000Ia 4500
008 170316s9999 xx 000 0 und d
090 |a 801 S-9r 
100 |a Sasu, Aurel 
245 |a Retórica literaria romanesca 
260 |a Bucarest, Rumania 
260 |b Minerva 
260 |c 1976 
300 |a 331 páginas 
650 |a TEORÍA LITERARIA 
650 |a LITERATURA ROMANA 
650 |a RETÓRICA LITERARIA 
650 |a CLASICISMO 
650 |a ROMANTICISMO 
650 |a POESÍA 
999 |c 20680  |d 20680 
040 |a cru BVZT 
942 |c 15 D  |h 801 S-9r  |2 z